000 00460nam a2200133Ia 4500
005 20260209120138.0
008 260209s9999||||xx |||||||||||||| ||und||
100 _aDiksha Tomar
245 0 _aTerritorial limits of competition law : does harm extend beyond borders
260 _aBangaloreBangalore
_bNLSIU
_c2017
300 _a131 p. ; 25 cm.
700 _aMr. Rahul Singh - GuideMr. Rahul Singh - Guide
856 _uhttps://dans.nls.ac.in/handle/123456789/1597
999 _c217301
_d217301